Выбор оптимальных технологических решений при проектировании и сооружении комплекса горных выработок разведочных горизонтов (на примере крупных жильных месторождений Северо-Востока): диссертация на соискание ученой степени кандидата технических наук; спец. 04.00.19

Manylion Llyfryddiaeth
Prif Awdur: Панкратов А. В. Алексей Валентинович
Awdur Corfforaethol: Томский политехнический институт
Awduron Eraill: Лукьянов В. Г. Виктор Григорьевич (научный руководитель)
Iaith:Rwseg
Cyhoeddwyd: Томск, 1984
Pynciau:
Fformat: Llyfr
KOHA link:https://koha.lib.tpu.ru/cgi-bin/koha/opac-detail.pl?biblionumber=61278

MARC

LEADER 00000nbm0a2200000 4500
001 61278
005 20231031062454.0
035 |a (RuTPU)RU\TPU\book\64859 
090 |a 61278 
100 |a 20040310d1984 k y0rusy50 ca 
101 0 |a rus 
102 |a RU 
105 |a a m 001zy 
200 1 |a Выбор оптимальных технологических решений при проектировании и сооружении комплекса горных выработок разведочных горизонтов (на примере крупных жильных месторождений Северо-Востока)  |e диссертация на соискание ученой степени кандидата технических наук  |e спец. 04.00.19  |f А. В. Панкратов  |g Томский политехнический институт ; науч. рук. В. Г. Лукьянов 
210 |a Томск  |d 1984 
215 |a 123 л.  |c ил. 
320 |a Библиогр.: с. 119-123 (56 назв.) 
610 1 |a поиск 
610 1 |a разведка 
610 1 |a полезные ископаемые 
610 1 |a проектирование 
610 1 |a сооружения 
610 1 |a горные выработки 
610 1 |a геология 
610 1 |a месторождения 
610 1 |a диссертации 
610 1 |a труды учёных ТПУ 
675 |a 550.812.14(048)  |v 3 
686 |a 04.00.19  |2 oksvnk 
700 1 |a Панкратов  |b А. В.  |c специалист в области транспорта и хранения нефти  |c доцент Томского политехнического университета, кандидат технических наук  |f 1953-  |g Алексей Валентинович  |2 stltpush  |3 (RuTPU)RU\TPU\pers\26132 
702 1 |a Лукьянов  |b В. Г.  |c горный инженер  |c профессор Томского политехнического университета, доктор технических наук  |f 1930-  |g Виктор Григорьевич  |2 stltpush  |3 (RuTPU)RU\TPU\pers\12910  |4 727 
712 0 2 |a Томский политехнический институт  |2 stltpush  |3 (RuTPU)RU\TPU\col\1123 
801 1 |a RU  |b 63413507  |c 20040310  |g PSBO 
801 2 |a RU  |b 63413507  |c 20230628  |g PSBO 
942 |c BK